Statistics for Alaskan Airlines Destinations

Click here to take the quiz!

General Stats

  • This quiz has been taken 128 times
    (24 since last reset)
  • The average score is 42 of 112

Answer Stats

Destination% Correct
Los Angeles
95%
San Francisco
89%
Seattle
89%
Anchorage
89%
Las Vegas
89%
New York City
89%
Detroit
84%
Denver
84%
Dallas
84%
Houston
84%
Phoenix
84%
Portland
84%
San Diego
84%
Atlanta
84%
Fairbanks
79%
San Jose
79%
Chicago
79%
Boise
74%
Juneau
74%
Austin
74%
Boston
74%
Philadelphia
68%
St Louis
68%
Washington
68%
Edmonton
68%
Kansas City
63%
Salt Lake City
63%
Sacramento
63%
Reno
63%
Oakland
63%
Calgary
63%
Minneapolis
63%
New Orleans
58%
Indianapolis
58%
San Antonio
58%
Spokane
58%
Tampa
53%
Baltimore
53%
Orlando
53%
Milwaukee
53%
Fresno
47%
Nome
47%
Newark
47%
Nashville
47%
Eugene
47%
Albuquerque
47%
Oklahoma City
42%
Fort Lauderdale
42%
Billings
42%
Tucson
42%
Omaha
37%
Helena
37%
Vancouver
37%
Raleigh
37%
Pittsburg
37%
Bozeman
32%
Barrow
26%
Cancun
26%
Ontario
26%
Missoula
21%
Victoria
21%
Charleston
21%
Orange County
21%
Prudhoe Bay
16%
Bethel
16%
Santa Barbara
16%
Sitka
16%
Ketchikan
16%
Great Falls
16%
Kodiak
16%
Wichita
16%
Medford
16%
Burbank
16%
Guadalajara
11%
Cordova
11%
Kalispell
11%
San Luis Obispo
11%
Liberia
11%
Kelowna
11%
Puerto Vallarta
11%
Yakima
11%
Bellingham
11%
Monterey
11%
Dillingham
11%
Palm Springs
11%
Gustavus
11%
Kauai
11%
Sun Valley
5%
Yakutat
5%
Adak
5%
Kotzebue
5%
Petersburg
5%
Pasco
5%
Dutch Harbor
5%
Oahu
5%
Mazatlan
5%
Maui
5%
Kona
5%
Redmond
0%
King Salmon
0%
Wrangell
0%
Wenatchee
0%
Mammoth Lakes
0%
Walla Walla
0%
Loreto
0%
Los Cabos
0%
Pullman
0%
Manzanillo
0%
Steamboat Springs
0%
Sonoma
0%
Zihuatanejo
0%

Score Distribution

Percentile by Number Answered

Percent of People with Each Score

Your Score History

You have not taken this quiz since the last reset